000 00997cam a22001934a 4500
005 20250605164058.0
008 250528s ||||||||||||||||||||||||d
035 _a17549
020 _a6625584
040 _aGR-AtMCL
_bgre
_dGR-AtMCL
_eAACR2
245 1 _aMushroom Growing To - Day
260 _bMacmillan Publishing Company,
_c1973
300 _a194
520 _aThe Background to Mushroom Growing, History of Mushroom Growing, The Mushroom Industry To-Day, The Technique of Growing, How Mushrooms are Grown, Building a Mushroom Land, Composting Techniques, Filling Selves or Trays, Casing, Sterilizing Soil or Peat, Picking, Sanitation, Diseases and Pests, Minor Diseases and Competitors, Fungicides, Principal Pests, Other Aspects of Mushroom Growing, Abnormalities, Economics, Food Value, Mushrooms as a Sideline, Mushrooms in Glasshouses, Mushrooms for the Amateur Gardener, Bibliography, Index.
700 1 _aAtkins Fred C.
_93697
942 _cBK
999 _c2954
_d2954